Á lódáil...
Ilakkangalude kavalal/
| Príomhúdar: | |
|---|---|
| Teanga: | English |
| Foilsithe: |
Kottayam
DC Books,
2017
|
| LEADER | 00498 a2200157 4500 | ||
|---|---|---|---|
| 008 | 181027b xxu||||| |||| 00| 0 eng d | ||
| 999 | |c 187071 |d 187071 | ||
| 020 | |a 9789352820931 | ||
| 041 | |a MAL | ||
| 084 | |2 cc |a O111,3N19,C | ||
| 100 | |a Salinger, J.D | ||
| 245 | |a Ilakkangalude kavalal/ | ||
| 260 | |b DC Books, |c 2017 |a Kottayam | ||
| 300 | |b 230p. | ||
| 942 | |c GEN | ||
| 952 | |0 0 |1 0 |4 0 |6 O_1113N19C_32Q7 |7 0 |9 327372 |a LIB |b LIB |d 2018-02-28 |e 10 |g 157.50 |l 5 |o O111,3N19,C 32Q7 |p 307107 |r 2019-09-17 |s 2019-09-02 |v 225.00 |y GEN | ||